| 000 | 01457nam a22003737a 4500 | ||
|---|---|---|---|
| 003 | CHAP | ||
| 005 | 20220329143905.0 | ||
| 008 | 120612s1992 mdu r 00010 eng d | ||
| 010 | _a103336 | ||
| 011 | _a104308 | ||
| 035 | _a114998 | ||
| 040 | _cCHAP | ||
| 090 | _aFolleto 18275 | ||
| 100 | 1 |
_aStone, Virginia _9109897 |
|
| 245 | 1 | 0 |
_aBiotechnology of algae : _ba bibliography _c/por Virginia Stone, Robert D. y Townsend Young. |
| 260 |
_aMaryland, EUA. : _bNational Agricultural Library, _c1992 |
||
| 300 | _avii, 60 p. | ||
| 490 | 0 |
_aBibliographies and Literature of Agriculture _v; 123 |
|
| 500 | _aA selected bibliography of research and product development using genetic engineering and molecular biology techniques and species of fresh water and marine algae. | ||
| 500 | _aIncluye índice de autores. | ||
| 590 |
_aBATCH-UPD _b10 _c20130110 _lUCH01 _h1053 |
||
| 590 |
_aBATCH-UPD _b10 _c20130410 _lUCH01 _h0649 |
||
| 590 |
_aBATCH-UPD _b10 _c20130914 _lUCH01 _h0048 |
||
| 590 |
_aCONVERSION _b10 _c20130109 _lUCH01 _h1357 |
||
| 650 | 1 | 4 |
_aAlgas. _93947 |
| 650 | 1 | 4 |
_aBiotecnología _xBibliografía. _912879 |
| 700 | 1 |
_aWarmbrodt, Robert D. _9121081 |
|
| 700 | 1 |
_aYoung, Ann Townsend _9123202 |
|
| 710 | 0 |
_aE.U.A. National Agricultural Library. _934948 |
|
| 830 | 0 |
_aBibliographies and Literature of Agriculture _v; 123 _912217 |
|
| 901 | _aBK | ||
| 942 | _cFOLL | ||
| 949 |
_aFolleto 18275 _bBC _cFOLL _d33724002333512 _eTS1 _gDonaciØn _i114998 _sb |
||
| 999 |
_c103336 _d103336 |
||